Quelle est cette page Wikipédia ? - Statistiques

Statistiques générales
  • Ce quiz a été pris 3 038 fois
  • Le résultat moyen est 35 sur 77
Statistiques - réponses
Wikipédia 1 2 3 4 5 6 7 % Correct
{l}'
97%
{l}'
97%
{l}'
97%
{l}'
97%
{l}'
97%
{à}
93%
{Le}
92%
{Le}
92%
{le}
92%
{le}
92%
{le}
92%
{le}
92%
{le}
92%
{Le}
92%
{la}
87%
{la}
87%
{la}
87%
{la}
87%
{de}
86%
{de}
86%
{de}
86%
{de}
86%
{de}
86%
{est}
83%
{et}
76%
{et}
76%
{et}
76%
{un}
74%
{des}
65%
{une}
62%
{une}
62%
{en}
47%
{se}
46%
{dans}
39%
{que}
32%
{que} :
32%
{histoire},
29%
{science},
28%
{sur}
25%
{musique}.
22%
{anglais},
21%
{français},
21%
{espagnol},
20%
{italien},
20%
{allemand},
19%
{géographie},
19%
{aux}
18%
{portugais}
18%
{États} -
15%
{langues},
15%
{littérature}
15%
{néerlandais},
15%
{Unis}.
14%
{polonais}.
13%
{jeux}
12%
{situe}
12%
{social}
12%
{telles}
12%
{tels}
12%
{finnois},
11%
{site}
11%
{site}
11%
{différents}
10%
{JetPunk} e e e e e e e
10%
{JetPunk}
10%
{ligne}.
10%
{propose}
10%
{propose}
10%
{quiz}
10%
{quiz}
10%
{quiz}
10%
{Seattle}
10%
{service}
10%
{siège}
10%
{sujets},
10%
{variété}
10%
{variété}
10%
Aucun quiz correspondant
Distribution des résultats
% des personnes avec chaque résultat
Percentile par nombre de réponses
Votre historique - résultats
Vous n’avez pas pris ce quiz